Новый краткий словарь иностранных слов: свыше 6500 слов

Bibliografiske detaljer
Hovedforfatter: Семенова Н. М. Нелли Михайловна
Summary:Словарь содержит свыше 6,5 тыс. слов, в разное время заимствованных из других языков, а также слов, образованных в русском языке от иноязычных основ. Словарь включает общеупотребительную лексику, в том числе новейшую, возникшую в конце 90-х годов и в начале нового века. При каждом слове дается толкование и справка о его происхождении (этимология). Словарь рассчитан на широкий круг читателей.
Sprog:russisk
Udgivet: Москва, Русский язык-Медиа, 2007
Udgivelse:2-е изд., стер.
Fag:
Format: MixedMaterials Bog
KOHA link:https://koha.lib.tpu.ru/cgi-bin/koha/opac-detail.pl?biblionumber=146269

MARC

LEADER 00000nam0a2200000 4500
001 146269
005 20231101221218.0
010 |a 9785957603153 
035 |a (RuTPU)RU\TPU\book\158543 
090 |a 146269 
100 |a 20081028d2007 m y0rusy50 ca 
101 0 |a rus 
102 |a RU 
105 |a y e 001zy 
200 1 |a Новый краткий словарь иностранных слов  |e свыше 6500 слов  |f Н. М. Семенова 
205 |a 2-е изд., стер. 
210 |a Москва  |c Русский язык-Медиа  |d 2007 
215 |a 795 с. 
320 |a Список сокращений: с. 8-11. 
330 |a Словарь содержит свыше 6,5 тыс. слов, в разное время заимствованных из других языков, а также слов, образованных в русском языке от иноязычных основ. Словарь включает общеупотребительную лексику, в том числе новейшую, возникшую в конце 90-х годов и в начале нового века. При каждом слове дается толкование и справка о его происхождении (этимология). Словарь рассчитан на широкий круг читателей. 
606 1 |a Русский язык  |x Словари  |2 stltpush  |3 (RuTPU)RU\TPU\subj\67926  |9 83518 
610 1 |a лексика 
610 1 |a иностранные слова 
610 1 |a этимология 
610 1 |a толковые словари 
686 |a Ш141.2-4  |v LBC/SL-A  |2 rubbk 
700 1 |a Семенова  |b Н. М.  |g Нелли Михайловна 
801 1 |a RU  |b 63413507  |c 20081028  |g PSBO 
801 2 |a RU  |b 63413507  |c 20111220  |g PSBO 
942 |c BK 
959 |a 96/20081028  |d 1  |e 216,00  |f ЧЗИЛ:1